Operations research : (Record no. 88029)

MARC details
000 -LEADER
fixed length control field 01130nam a2200301Ia 4500
005 - DATE AND TIME OF LATEST TRANSACTION
control field 20170605150114.0
010 ## - LCCN (DPL NO)
LC control number BAC-EN21 ENG-111956
020 ## - INTERNATIONAL STANDARD BOOK NUMBER
International Standard Book Number 9788126512560
Terms of availability 589.00
020 ## - INTERNATIONAL STANDARD BOOK NUMBER
International Standard Book Number 9788126512560
Terms of availability 669.00 (AV)
035 ## - SYSTEM CONTROL NUMBER
System control number EN-95488
035 ## - SYSTEM CONTROL NUMBER
System control number B-584064-081
035 ## - SYSTEM CONTROL NUMBER
System control number B-669696
037 ## - SOURCE OF ACQUISITION
Source of stock number/acquisition Asian Book Centre/Ven
037 ## - SOURCE OF ACQUISITION
Source of stock number/acquisition DBAD/PUB
082 ## - DEWEY DECIMAL CLASSIFICATION NUMBER
Classification number 001.424
100 ## - MAIN ENTRY--PERSONAL NAME
Personal name Ravindran, A.
245 ## - TITLE STATEMENT
Title Operations research :
Remainder of title principles and practice /
Statement of responsibility, etc by A. Ravindran, Don T. Phillips [and] James J. Solberg
250 ## - EDITION STATEMENT
Edition statement 2nd ed
260 ## - PUBLICATION, DISTRIBUTION, ETC. (IMPRINT)
Date of publication, distribution, etc 2014(repr.)
Place of publication, distribution, etc Delhi
Name of publisher, distributor, etc John Wiley
270 ## - ADDRESS
Address 4435-36/7, Ansari Road, Daryaganj
City New Delhi
Postal code 110002
300 ## - PHYSICAL DESCRIPTION
Dimensions 24cm(pbk)
Extent xviii,637p. :
Other physical details ill.
500 ## - GENERAL NOTE
General note Includes index
700 ## - ADDED ENTRY--PERSONAL NAME
Personal name Phillips, Don T.
700 ## - ADDED ENTRY--PERSONAL NAME
Personal name Solberg, James J.
942 ## - ADDED ENTRY ELEMENTS (KOHA)
Item type English Books
Source of classification or shelving scheme Dewey Decimal Classification
Call number suffix RAV
Classification part 001.424
Holdings
Withdrawn status Lost status Not for loan Collection code Home library Current library Date acquired Source of acquisition Cost, normal purchase price Full call number Barcode Copy number Cost, replacement price Koha item type
      Non-fiction Andrews Gunj Andrews Gunj 04/02/2015 ABC/IN4452/13.12.2014/168/08.12.2014/30.12.2014 589.00 001.424 RAV B-584073 1 589.00 English Books
      Non-fiction Ashok Vihar Ashok Vihar 05/06/2017 BPPD/EN/2014-15/AV/16-17/413/15.2.2017/5057/28.2.2017/ 24.3.2017 669.00 001.424 RAV B-669696 1 669.00 English Books
      Non-fiction Bawana Bawana 04/02/2015 ABC/IN4452/13.12.2014/168/08.12.2014/30.12.2014 589.00 001.424 RAV B-584080 1 589.00 English Books
      Non-fiction Central Jail Tihar Central Jail Tihar 04/02/2015 ABC/IN4452/13.12.2014/168/08.12.2014/30.12.2014 589.00 001.424 RAV B-584069 1 589.00 English Books
      Non-fiction Central Library Central Library 04/02/2015 ABC/IN4452/13.12.2014/168/08.12.2014/30.12.2014 589.00 001.424 RAV B-584064 1 589.00 English Books
    Not For Loan Non-fiction D.B.Act.Division D.B.Act.Division 28/01/2015 DBAD/PUB 589.00 001.424 RAV EN-95488 1 589.00 English Books
      Non-fiction Diz Area Diz Area 04/02/2015 ABC/IN4452/13.12.2014/168/08.12.2014/30.12.2014 589.00 001.424 RAV B-584070 1 589.00 English Books
      Non-fiction Karol Bagh Karol Bagh 04/02/2015 ABC/IN4452/13.12.2014/168/08.12.2014/30.12.2014 589.00 001.424 RAV B-584077 1 589.00 English Books
      Non-fiction Kasturba Gandhi Marg Kasturba Gandhi Marg 04/02/2015 ABC/IN4452/13.12.2014/168/08.12.2014/30.12.2014 589.00 001.424 RAV B-584066 1 589.00 English Books
      Non-fiction Katevara Katevara 04/02/2015 ABC/IN4452/13.12.2014/168/08.12.2014/30.12.2014 589.00 001.424 RAV B-584081 1 589.00 English Books
      Non-fiction Narela Narela 04/02/2015 ABC/IN4452/13.12.2014/168/08.12.2014/30.12.2014 589.00 001.424 RAV B-584079 1 589.00 English Books
      Non-fiction New Rohtak Road New Rohtak Road 04/02/2015 ABC/IN4452/13.12.2014/168/08.12.2014/30.12.2014 589.00 001.424 RAV B-584078 1 589.00 English Books
      Non-fiction Patel Nagar Patel Nagar 04/02/2015 ABC/IN4452/13.12.2014/168/08.12.2014/30.12.2014 589.00 001.424 RAV B-584065 1 589.00 English Books
      Non-fiction Peshwa Road Peshwa Road 04/02/2015 ABC/IN4452/13.12.2014/168/08.12.2014/30.12.2014 589.00 001.424 RAV B-584067 1 589.00 English Books
      Non-fiction Sarojini Nagar Sarojini Nagar 04/02/2015 ABC/IN4452/13.12.2014/168/08.12.2014/30.12.2014 589.00 001.424 RAV B-584072 1 589.00 English Books
      Non-fiction Sarojini Nagar Sarojini Nagar 04/02/2015 ABC/IN4452/13.12.2014/168/08.12.2014/30.12.2014 589.00 001.424 RAV B-584075 1 589.00 English Books
      Non-fiction Sriniwas Puri Sriniwas Puri 04/02/2015 ABC/IN4452/13.12.2014/168/08.12.2014/30.12.2014 589.00 001.424 RAV B-584074 1 589.00 English Books
      Non-fiction Tri Nagar Tri Nagar 04/02/2015 ABC/IN4452/13.12.2014/168/08.12.2014/30.12.2014 589.00 001.424 RAV B-584068 1 589.00 English Books
      Non-fiction Janak Puri Vinoba Puri 04/02/2015 ABC/IN4452/13.12.2014/168/08.12.2014/30.12.2014 589.00 001.424 RAV B-584071 1 589.00 English Books
      Non-fiction Vinoba Puri Vinoba Puri 04/02/2015 ABC/IN4452/13.12.2014/168/08.12.2014/30.12.2014 589.00 001.424 RAV B-584076 1 589.00 English Books

© Delhi Public Library
Hit Counter
free hit counter